Couleurs des yeux des stars - Statistiques

Statistiques générales
  • Ce quiz a été pris 74 fois
  • Le résultat moyen est 13 sur 15
Statistiques - réponses
Hint Réponse % Correct
Angélina Jolie bleus
94%
Katy Perry bleus
94%
Ryan Gosling bleus
94%
Hugh Grant bleus
94%
Jude Law bleus
94%
Paul Newman bleus
94%
Margot Robbie bleus
94%
Rihanna verts
94%
Nikos Aliagas marrons
93%
Salma Hayek marrons
93%
Orlando Blum marrons
93%
Al Pacino marrons
93%
Keanu Reeves marrons
93%
David Bowie vairons
38%
Kate Bosworth vairons
38%
Aucun quiz correspondant
Distribution des résultats
% des personnes avec chaque résultat
Percentile par nombre de réponses
Votre historique - résultats
Vous n’avez pas pris ce quiz